[Event "Autumn Cup GM"]
[Site "Bucharest ROM"]
[Date "2000.11.24"]
[Round "5"]
[White "Badea,B"]
[Black "Vukovic,Zd"]
[Result "1/2-1/2"]
[WhiteElo "2480"]
[BlackElo "2471"]

1.Nf3 e6 2.c4 d5 3.b3 dxc4 4.bxc4 e5 5.Nc3 Nc6 6.d3 Bb4 7.Bd2 Nge7 8.Rb1 f6
9.Qa4 Bxc3 10.Bxc3 O-O 11.e3 Qe8 12.Be2 b6 13.Qc2 Qg6 14.O-O Bh3 15.Ne1 Rad8
16.Kh1 Bg4 17.Bxg4 Qxg4 18.Nf3 Qg6 19.Rfd1 Rd7 20.Rbc1 Rfd8 21.d4 exd4 22.exd4 Ne5
23.Qe2 Nxf3 24.Qxf3 Nf5 25.d5 Nd6 26.Bb4 Ne4 27.Re1 f5 28.h3 h6 29.Re3 c6
30.dxc6 Rf7 31.Be1 Qxc6 32.Rd3 Rxd3 33.Qxd3 Rd7 34.Qe2 Qc5 35.Rc2 Re7 36.Qd1 Qc6
37.f3 Nc5 38.Bf2 Kh7 39.Re2 Rd7 40.Rd2 Rxd2 41.Qxd2 Qe6  1/2-1/2

[Event "VI Open"]
[Site "Lisbon POR"]
[Date "2000.11.25"]
[Round "8"]
[White "Galego,L"]
[Black "Korneev,O"]
[Result "1/2-1/2"]
[WhiteElo "2419"]
[BlackElo "2619"]

1.c4 e6 2.Nf3 d5 3.e3 Nf6 4.b3 Be7 5.Bb2 O-O 6.Be2 c5 7.O-O Nc6 8.cxd5 Nxd5
9.Nc3 Ndb4 10.Qb1 b6 11.Rd1 Bb7 12.d4 cxd4 13.Nxd4 Nxd4 14.Rxd4 Qb8 15.Qd1 a5
16.a3 Nc6 17.Rd7 Bf6 18.Bf3 Nd8 19.Na4 Bxb2 20.Nxb2 Bc6 21.Rc1 Bxd7 22.Bxa8 Bc8
23.Bf3 Nb7 24.Na4 Rd8 25.Qc2 Nd6 26.Qc7 Qxc7 27.Rxc7 Nb5 28.Rc1 Nxa3 29.Nxb6 Ba6
30.Ra1 Rb8 31.Nd7 Rc8 32.h4 Nb5 33.Rxa5 Rc1+ 34.Kh2 Nc7 35.Kg3 g6 36.Nf6+ Kg7
37.Ne8+ Nxe8 38.Rxa6 Nc7 39.Rc6 Rxc6 40.Bxc6 Na6 41.Bb5 Nb4 42.Kf4 Kf6 43.Ke4 Ke7
44.Kd4 Kd6 45.e4 e5+ 46.Kc4 Nc2 47.Be8 f5 48.exf5 gxf5 49.b4 e4 50.g3 e3
51.fxe3 Nxe3+ 52.Kb5 Nf1 53.Bc6 Nxg3 54.Bf3 Ne4 55.Bxe4 fxe4 56.Kc4 Kc6 57.h5 e3
58.Kd3 Kb5 59.Kxe3 Kxb4 60.Kf4 Kc5  1/2-1/2

[Event "Mitropa Team Cup"]
[Site "Charleville FRA"]
[Date "2000.11.30"]
[Round "6"]
[White "Belotti,B"]
[Black "Soln,P"]
[Result "1/2-1/2"]
[WhiteElo "2417"]
[BlackElo "2413"]

1.c4 e6 2.Nf3 d5 3.b3 Nf6 4.g3 Nbd7 5.Bg2 Bd6 6.O-O O-O 7.Nc3 Re8 8.Qc2 c6
9.d4 b6 10.e4 Nxe4 11.Nxe4 dxe4 12.Qxe4 Bb7 13.Bf4 Nf6 14.Qe3 Ng4 15.Qd2 c5
16.Rad1 Nf6 17.Bxd6 Qxd6 18.dxc5 Qxc5 19.Qd6 Qh5 20.Ne5 Bxg2 21.Kxg2 Ng4
22.Nxg4 Qxg4 23.Rfe1 Qg5 24.Qc6 Rec8 25.Qb7 Rcb8 26.Qe4 Qe7 27.Rd4 g6 28.Red1 Rb7
29.Qc6 Qc7 30.Qxc7 Rxc7 31.Rd7 Rac8 32.g4 Kf8 33.R1d3 Ke8 34.R7d6 Ke7 35.a4 g5
36.R6d4 Rh8 37.h4 h6 38.Kg3 Rhc8 39.Rd1 Rg8 40.f3 Rgc8 41.R1d3 Rg8  1/2-1/2

[Event "Open"]
[Site "Mallorca ESP"]
[Date "2000.12.07"]
[Round "6"]
[White "Zlotnik,B"]
[Black "March Morla,X"]
[Result "1-0"]
[WhiteElo "2419"]
[BlackElo "2135"]

1.c4 e6 2.Nf3 d5 3.b3 c6 4.Bb2 Nf6 5.g3 Nbd7 6.Bg2 b5 7.cxb5 cxb5 8.O-O Bb7
9.d3 Be7 10.Nd4 a6 11.a4 b4 12.Nd2 O-O 13.e4 Nc5 14.Qe2 dxe4 15.dxe4 a5 16.Rfd1 Ba6
17.Nc4 Qc8 18.Qe3 Ng4 19.Qf3 Bxc4 20.Qxg4 h5 21.Qf3 Ba6 22.Qxh5 Bb7 23.Qg4 Bf6
24.Rac1 Ra6 25.Rc4 e5 26.Nf5 Rc6 27.Bxe5  1-0

[Event "Open"]
[Site "Mallorca ESP"]
[Date "2000.12.08"]
[Round "7"]
[White "Adla,D"]
[Black "Braga,F"]
[Result "1/2-1/2"]
[WhiteElo "2498"]
[BlackElo "2455"]

1.c4 e6 2.Nf3 d5 3.e3 Nf6 4.b3 Be7 5.Bb2 O-O 6.d4 b6 7.Bd3 Bb7 8.O-O c5 9.Qe2 Nbd7
10.Nc3 Rc8 11.cxd5 exd5 12.Rac1  1/2-1/2

[Event "Open"]
[Site "Mallorca ESP"]
[Date "2000.12.09"]
[Round "8"]
[White "Juan Mas,S"]
[Black "Rivas Pastor,M"]
[Result "0-1"]
[WhiteElo "2083"]
[BlackElo "2420"]

1.c4 e6 2.Nf3 d5 3.cxd5 exd5 4.d4 c6 5.e3 Bd6 6.Bd3 Nd7 7.Nc3 Ngf6 8.O-O O-O
9.a3 a5 10.Bd2 Re8 11.Qc2 Qe7 12.Rab1 Ne4 13.Na4 g5 14.b4 g4 15.Bxe4 dxe4
16.Ne5 Nxe5 17.dxe5 Qxe5 18.g3 axb4 19.axb4 Be6 20.Bc3 Qf5 21.Bd4 h5 22.Nc5 Bc8
23.Ra1 Rxa1 24.Rxa1 h4 25.Ra8 Kf8 26.Qb2 Qf3 27.Qb1 h3 28.Qf1 Be6 29.Rxe8+ Kxe8
30.Nxb7 Bxb4 31.Bc5 Bxc5  0-1

[Event "52nd ch-Montenegro"]
[Site "Tivat YUG"]
[Date "2000.12.09"]
[Round "2"]
[White "Todorovic,J"]
[Black "Batricevic,S"]
[Result "1-0"]
[WhiteElo "2431"]
[BlackElo "2215"]

1.c4 e6 2.Nf3 d5 3.g3 Nf6 4.Bg2 Be7 5.O-O O-O 6.d4 c5 7.cxd5 exd5 8.Nc3 Nc6
9.dxc5 Bxc5 10.Bg5 Be6 11.Bxf6 Qxf6 12.Nxd5 Qxb2 13.Nc7 Rad8 14.Qc1 Qxc1
15.Raxc1 b6 16.Nxe6 fxe6 17.e3 h6 18.h4 Rd6 19.Rfd1 Rfd8 20.Rxd6 Rxd6 21.Bf1 Kf8
22.Kg2 e5 23.Rc4 Ke7 24.Re4 Kf6 25.Bb5 Nb4 26.Bc4 Nc6 27.g4 Ba3 28.Bb5 Bb2
29.Rc4 Nd8 30.Rc2 Ba1 31.Nd2 Ke6 32.Ne4 Rd1 33.Rc7  1-0

[Event "2nd Viking GMB"]
[Site "York ENG"]
[Date "2000.12.13"]
[Round "1"]
[White "Knott,S"]
[Black "Summerscale,A"]
[Result "1/2-1/2"]
[WhiteElo "2381"]
[BlackElo "2459"]

1.c4 e6 2.Nf3 d5 3.d4 Nf6 4.Nc3 dxc4 5.e4 Bb4 6.Bg5 b5 7.a4 c6 8.e5 h6 9.exf6 hxg5
10.fxg7 Rg8 11.h4 g4 12.Ne5 f5 13.g3 Qd5 14.Qd2 Nd7 15.Nxd5 Bxd2+ 16.Kxd2 cxd5
17.axb5 Rxg7 18.b3 Nxe5 19.dxe5 cxb3 20.Bd3 Rb7 21.Rhb1 Bd7 22.Rxb3  1/2-1/2

[Event "XIII Carlos Torre Open"]
[Site "Merida MEX"]
[Date "2000.12.20"]
[Round "7"]
[White "Gonzalez,JC"]
[Black "Arencibia,W"]
[Result "0-1"]
[WhiteElo "2531"]
[BlackElo "2513"]

1.c4 e6 2.Nf3 d5 3.g3 g6 4.Bg2 Bg7 5.O-O Ne7 6.Qc2 Nbc6 7.d3 O-O 8.Nbd2 a5
9.a3 a4 10.Rb1 e5 11.b4 axb3 12.Nxb3 d4 13.Nbd2 h6 14.a4 Ra7 15.Ba3 Bd7 16.Ne4 Nb8
17.Nc5 Bc6 18.a5 Re8 19.Bb4 Nc8 20.Nb3 Na6 21.Bd2 Ra8 22.Nh4 Bxg2 23.Nxg2 c5
24.e4 f5 25.Nc1 Nd6 26.f3 Nb8 27.Nh4 Kh7 28.Nb3 Nd7 29.Rbe1 Bf6 30.Ng2 Qc7
31.Ra1 Qc6 32.Rfb1 Rf8 33.Rf1 Bg7 34.Be1 Rf7 35.Qe2 Raf8 36.Bd2 Bf6 37.h4 Bd8
38.g4 Kg7 39.h5 fxg4 40.fxg4 Rxf1+ 41.Rxf1 Rxf1+ 42.Qxf1 g5 43.Qd1 Qa4 44.Be1 Nf6
45.Bg3 Nf7 46.Qb1 Be7 47.Nd2 Qxa5 48.Nf1 Qc7 49.Nh2 Qd7 50.Qd1 b5 51.cxb5 Qxb5
52.Ne1 c4 53.dxc4 Qxc4 54.Qf3 Qc6 55.Nd3 Bd6 56.Nf2 d3 57.Nxd3 Qxe4 58.Qxe4 Nxe4
59.Nf1 Kf6 60.Kg2 Ke6 61.Kf3 Nf6 62.Nf2 Bc5 63.Ne4 Nxe4 64.Kxe4 Nd6+ 65.Kf3 Kd5
66.Be1 e4+ 67.Ke2 Nc4 68.Ng3 Ne5 69.Bc3 Nxg4 70.Bg7 Bd4 71.Bf8 Ke5 72.Nf1 Kf4
73.Nd2 Bc3 74.Nc4 Bd4 75.Nd2 e3 76.Nb3 Bb6 77.Nc1 Kg3 78.Bg7 Kh4 79.Kf3 Kxh5
80.Ne2 Kg6 81.Bc3 h5 82.Bb2 Nh6 83.Be5 h4 84.Bb8 Kf5 85.Bd6 g4+ 86.Kg2 Nf7
87.Bb8 Ng5 88.Bd6 Ne4 89.Bb8 Bc5 90.Bf4 Nf2 91.Bc7 Ke4 92.Kf1 Bd4 93.Bh2 Be5
94.Bg1 Nd3 95.Kg2 h3+ 96.Kh1 Kf3  0-1

[Event "Ambassador Open"]
[Site "Bern SUI"]
[Date "2000.12.28"]
[Round "4"]
[White "Sturua,Z"]
[Black "Horther,H"]
[Result "1-0"]
[WhiteElo "2594"]
[BlackElo "2348"]

1.c4 e6 2.Nf3 d5 3.d4 c5 4.cxd5 exd5 5.g3 Nc6 6.Bg2 Nf6 7.O-O Be7 8.Nc3 O-O
9.b3 Ne4 10.Bb2 Bf6 11.Na4 b5 12.Nxc5 Nxc5 13.Rc1 Nxd4 14.Nxd4 Ne4 15.Ba3 Re8
16.Nxb5 Bb7 17.Nc7 Nc3 18.Rxc3 Bxc3 19.Nxe8 Qxe8 20.Qd3 Qe5 21.Rc1 Ba5 22.Qb5 Bb6
23.Qd7  1-0

[Event "1st Wilhelm Steinitz Mem"]
[Site "Prague CZE"]
[Date "2001.01.01"]
[Round "7"]
[White "Vokac,M"]
[Black "Kotan,L"]
[Result "1/2-1/2"]
[WhiteElo "2523"]
[BlackElo "2434"]

1.c4 e6 2.Nf3 d5 3.b3 Nf6 4.Bb2 Be7 5.g3 O-O 6.Bg2 b6 7.O-O Bb7 8.e3 Nbd7
9.Qe2 c5 10.Rd1 Qc7 11.Nc3 Rac8 12.Rac1 Rfd8 13.cxd5 exd5 14.d4 Qb8 15.Nh4 g6
16.dxc5 Nxc5 17.Bh3 Ne6 18.Nf3 a6 19.Na4 Rxc1 20.Rxc1 Nd7 21.Nd4 Qd6 22.Nxe6 fxe6
23.Qg4 Kf7 24.Qf4+ Qxf4 25.gxf4 Rc8 26.Rxc8 Bxc8 27.Bd4 b5 28.Nb2 Bf6 29.Nd3 Bxd4
30.exd4 Nf6 31.f3 a5 32.a3 Ne8 33.Kf2 Nd6 34.Nc5 Ke7 35.Bf1 Nf5 36.Bxb5 Nxd4
37.Ba4 Kd6 38.b4 axb4 39.axb4 Nc6 40.Nd3 Nd4 41.Ne5 Ba6 42.Ke3 Nf5+ 43.Kd2 Nd4
44.Bd1 Bb5 45.Kc3 Nf5 46.Bc2 Nh4 47.Kd4 Be2 48.Ke3 Bb5 49.Kd4 Be2 50.Ke3 Bb5
51.Kf2 d4 52.Bb3 Be8 53.Nc4+ Ke7 54.Nd2 Nf5 55.Ne4 Bd7 56.Ng5 h6 57.Ne4 Ng7
58.Ng3 Bb5 59.Ke1 Bc6 60.Ke2 Bb5+ 61.Kd2 Kf6 62.Bc2 Nf5 63.Bd3 Bc6 64.Ne4+ Ke7
65.Bc4 Nh4 66.Ke2 Ng2 67.Kd3 Ne1+ 68.Kxd4 Nxf3+ 69.Ke3 Nxh2 70.Be2 h5 71.b5 Bxe4
72.Kxe4 Kd6 73.b6 Ng4 74.Bb5 Nf6+ 75.Kf3 Nd5 76.Be8 Nxb6 77.Bxg6 h4 78.Kg4 Nd5
79.Kxh4  1/2-1/2

[Event "1st Wilhelm Steinitz Mem"]
[Site "Prague CZE"]
[Date "2001.01.01"]
[Round "7"]
[White "Pribyl,J"]
[Black "Konopka,M"]
[Result "1/2-1/2"]
[WhiteElo "2376"]
[BlackElo "2453"]

1.c4 e6 2.Nf3 d5 3.g3 Nf6 4.Bg2 Be7 5.O-O O-O 6.b3 c5 7.cxd5 Nxd5 8.Bb2 Nc6
9.Nc3 Nc7 10.Rc1 b6 11.d4 Nxd4 12.Nxd4 cxd4 13.Nb5 Nd5 14.Nxd4  1/2-1/2

[Event "XXVI Open"]
[Site "Seville ESP"]
[Date "2001.01.19"]
[Round "8"]
[White "Matamoros Franco,C"]
[Black "Korneev,O"]
[Result "1/2-1/2"]
[WhiteElo "2467"]
[BlackElo "2600"]

1.c4 e6 2.Nf3 d5 3.b3 Nf6 4.Bb2 Be7 5.g3 a5 6.Bg2 a4 7.Na3 O-O 8.O-O c6 9.d3 Qa5
10.Nc2 a3 11.Bc1 b5 12.cxb5 cxb5 13.b4 Bxb4 14.Nxb4 Qxb4 15.Bd2 Qa4 16.Rb1 Bd7
17.Qxa4 Rxa4 18.Ne5 Nc6 19.Nxd7 Nxd7 20.Rfc1 Nd4 21.Kf1 Rb8 22.Rc7 Nf8 23.e3 Nf5
24.Bb4 g5 25.Bf3 Ng6 26.Bd1 Ra6 27.Rb3 Ne5 28.Bxa3 f6 29.Be2 g4 30.Kg2 h5
31.h3 b4 32.Bb2 Rxa2 33.hxg4 hxg4 34.e4 Nd4 35.Bxd4 Rxe2 36.exd5 exd5 37.Rb1 b3
38.Rh1 b2 39.Rhh7 Nxd3 40.Rcg7+ Kf8 41.Rf7+ Kg8 42.Rhg7+ Kh8 43.Rh7+  1/2-1/2

[Event "17th Open"]
[Site "Geneva SUI"]
[Date "2001.01.21"]
[Round "2"]
[White "Sturua,Z"]
[Black "Bergez,L"]
[Result "1-0"]
[WhiteElo "2580"]
[BlackElo "2426"]

1.c4 e6 2.Nf3 d5 3.d4 c6 4.e3 Nf6 5.Bd3 Nbd7 6.O-O Bd6 7.Nc3 O-O 8.e4 dxe4
9.Nxe4 Nxe4 10.Bxe4 c5 11.Bc2 Qc7 12.Re1 b6 13.dxc5 bxc5 14.Qd3 g6 15.Bh6 Re8
16.Rad1 Be7 17.Qc3 Bf8 18.Bxf8 Nxf8 19.Ne5 f5 20.Ba4 Re7 21.Rd2 Bd7 22.Bxd7 Nxd7
23.Nxd7 Rxd7 24.Rxe6 Rxd2 25.Qxd2 Rd8 26.Qe2 Kf7 27.g3 Rd4 28.Re3 Qd7 29.Ra3 Re4
30.Qd3 Rd4 31.Qe2 Re4 32.Qd3 Rd4 33.Qb3 g5 34.Qb5 Qe7 35.Qc6 Rd1+ 36.Kg2 Rd2
37.Rf3 Qe5 38.g4 f4 39.Rb3 Rd6 40.Rb7+ Kg6 41.Qf3 Qe6 42.b3 a5 43.Ra7 h5
44.h3 hxg4 45.hxg4 a4 46.Rxa4 Kf6 47.Ra7 Ke5 48.Rg7 Kf6 49.Rc7 Qe5 50.Qa8  1-0

[Event "Open"]
[Site "Ubeda ESP"]
[Date "2001.01.28"]
[Round "8"]
[White "Komljenovic,D"]
[Black "Sandipan,C"]
[Result "1/2-1/2"]
[WhiteElo "2512"]
[BlackElo "2431"]

1.c4 e6 2.Nf3 d5 3.d4 c6 4.Bg5 Be7 5.Bxe7 Qxe7 6.Qc2 Nf6 7.e3 Nbd7 8.Nc3 O-O
9.cxd5 cxd5 10.Be2 b6 11.O-O Bb7 12.Rac1 a6 13.a4 Rfc8 14.Qb3 Qd6 15.Na2 Ne4
16.Rfd1 h6 17.Nb4 Rc7 18.Rxc7 Qxc7 19.Nd3 Rc8 20.Bf1 a5 21.Nde1 Nb8 22.Ne5 Na6
23.N5d3 Qd6 24.f3 Nf6 25.Rc1 Rxc1 26.Nxc1 Nc7 27.Ncd3 Nd7 28.Qc2 Ba6 29.Qc3 Kf8
30.Nc2 Nb8 31.b4 axb4 32.Ncxb4 Bc4 33.g3 b5 34.axb5 Nxb5 35.Qa1 Qb6 36.Qa8 Nc7
37.Qa3 Kg8 38.Nc5 Bxf1 39.Kxf1 Nc6 40.Nxc6 Qxc6 41.Qa5 Kh7 42.Kf2 g6  1/2-1/2

[Event "Open"]
[Site "Ubeda ESP"]
[Date "2001.01.29"]
[Round "9"]
[White "Komljenovic,D"]
[Black "Sharma,D"]
[Result "1/2-1/2"]
[WhiteElo "2512"]
[BlackElo "2353"]

1.c4 e6 2.Nf3 d5 3.d4 c6 4.Nc3 Nf6 5.Bg5 dxc4 6.e4 b5 7.e5 h6 8.Bh4 g5 9.Nxg5 hxg5
10.Bxg5 Nbd7 11.g3 Qa5 12.exf6 b4 13.Ne4 Ba6 14.Qf3 Qd5 15.b3 Qxd4 16.Rd1 Ne5
17.Qe3 Qxe3+ 18.Bxe3 Rxh2 19.Rxh2 Nf3+ 20.Ke2 Nxh2 21.Bg2 cxb3+  1/2-1/2

[Event "12th Goodricke Open"]
[Site "Calcutta IND"]
[Date "2001.02.12"]
[Round "7"]
[White "Rahman,Zia"]
[Black "Rausis,I"]
[Result "1-0"]
[WhiteElo "2447"]
[BlackElo "2525"]

1.c4 e6 2.Nf3 d5 3.d4 Nf6 4.g3 dxc4 5.Bg2 Nc6 6.Qa4 Bb4+ 7.Bd2 Nd5 8.Bxb4 Nxb4
9.a3 b5 10.Qxb5 Nc2+ 11.Kd2 Nxa1 12.Qxc6+ Bd7 13.Qxc4 Rb8 14.b4 c5 15.Qc3 cxb4
16.axb4 a5 17.Qxa1 axb4 18.Rc1 O-O 19.Ne5 Bb5 20.Rc5 Qb6 21.Ke3 f6 22.Nc6 Bxc6
23.Rxc6 Qb7 24.Qa6 e5 25.Qc4+ Kh8 26.d5 Qa7+ 27.Qc5 Qa1 28.Be4 f5 29.Bxf5 b3
30.Bd3 Qa4 31.Nc3 Qg4 32.f3 Qh3 33.Qc4 Qxh2 34.Qh4 Qxh4 35.gxh4 Rf4 36.h5 b2
37.Re6 Rfb4 38.Rxe5 Kg8 39.d6 Rd8 40.Rd5 Kf7 41.Kd2 g6 42.hxg6+ hxg6 43.Rb5 b1=Q
44.Bxb1 Rxd6+ 45.Bd3 Rxb5 46.Nxb5 Rb6 47.Nc3 g5 48.Ne4 Kg6 49.Ke3 Kf5 50.Nc5+  1-0

[Event "ch-ROM Women"]
[Site "Baile Tusnad ROM"]
[Date "2001.02.16"]
[Round "9"]
[White "Trofim,G"]
[Black "Gheorhe,C"]
[Result "1-0"]
[WhiteElo "2102"]
[BlackElo "2121"]

1.c4 e6 2.Nf3 d5 3.cxd5 exd5 4.d4 Nf6 5.Nc3 Be7 6.Bf4 O-O 7.h3 c6 8.e3 Nbd7
9.Bd3 Re8 10.O-O Nf8 11.Qc2 Ng6 12.Bg3 Bd6 13.Bxd6 Qxd6 14.Rab1 Qe7 15.b4 Ne4
16.b5 Nh4 17.Nxh4 Qxh4 18.Bxe4 dxe4 19.bxc6 bxc6 20.Ne2 Ba6 21.Rb2 Rac8 22.Rc1 g5
23.Ng3 Re6 24.Nf5 Qh5 25.Qa4 Bd3 26.d5 g4 27.dxe6 Qxf5 28.exf7+ Qxf7 29.Rxc6 Qe8
30.Qb3+ Kf8 31.Rxc8 Qxc8 32.Qb8  1-0

[Event "8th Metalis Open"]
[Site "Bizovac CRO"]
[Date "2001.02.23"]
[Round "4"]
[White "Vehreschild,A"]
[Black "Kovacevic,B"]
[Result "0-1"]
[WhiteElo "2120"]
[BlackElo "2457"]

1.c4 e6 2.Nf3 d5 3.b3 Nf6 4.g3 Be7 5.Bg2 O-O 6.O-O c5 7.e3 Nc6 8.Bb2 b6 9.d3 Bb7
10.Nbd2 Rc8 11.a3 Rc7 12.Qc2 Qa8 13.Rad1 Rd8 14.Rfe1 Rcd7 15.Bc3 Qb8 16.Qb1 d4
17.exd4 cxd4 18.Bb2 a5 19.Ng5 Ng4 20.Nde4 f5 21.Nxe6 fxe4 22.Nxd8 Rxd8 23.Rxe4 Nce5
24.Rxd4 Rxd4 25.Bxd4 Bxg2 26.Bxe5 Qb7 27.f4 Bh3 28.Qb2 Qf3 29.Re1 Nxe5 30.fxe5 Bc5+
31.d4 Bxd4+ 32.Qxd4 Qg2+  0-1

[Event "5th United Insurance"]
[Site "Dhaka BAN"]
[Date "2001.02.26"]
[Round "8"]
[White "Rahman,Zia"]
[Black "Sandipan,C"]
[Result "1-0"]
[WhiteElo "2447"]
[BlackElo "2431"]

1.c4 e6 2.Nf3 d5 3.d4 c6 4.e3 Nf6 5.Bd3 c5 6.O-O Nc6 7.Nc3 cxd4 8.exd4 Be7
9.c5 O-O 10.a3 b6 11.b4 bxc5 12.bxc5 Ne8 13.Bf4 Bf6 14.Qa4 Bd7 15.Bb5 Qc8
16.Rab1 a6 17.Bxc6 Bxc6 18.Qc2 Nc7 19.a4 Ne8 20.Rb2 Bd8 21.Rfb1 f6 22.Ne2 Qd7
23.Ra1 Rf7 24.Bg3 g6 25.h3 Ng7 26.Ra3 Ra7 27.Rb8 Rb7 28.Rb3 Rxb8 29.Rxb8 Re7
30.Qd3 Qa7 31.Bd6 Re8 32.Rb1 Ba5 33.g4 Bd8 34.Ng3 a5 35.Qc3 g5 36.Rb8 Bc7
37.Bxc7 Qxc7 38.Rb6 Ra8 39.Qb3 Qd7 40.Qb1 Qe8 41.h4 gxh4 42.Nxh4  1-0

[Event "Open"]
[Site "Cappelle la Grande FRA"]
[Date "2001.02.27"]
[Round "5"]
[White "Schuurman,P"]
[Black "Burmakin,V"]
[Result "1-0"]
[WhiteElo "2193"]
[BlackElo "2493"]

1.c4 e6 2.Nf3 d5 3.b3 Nf6 4.g3 c6 5.Bg2 Nbd7 6.Bb2 Bd6 7.d4 O-O 8.O-O b5
9.Nbd2 Rb8 10.Qc2 bxc4 11.bxc4 Ba6 12.Ne5 Qc7 13.Ndf3 dxc4 14.Rab1 c5 15.Nxd7 Nxd7
16.Ng5 g6 17.dxc5 Nxc5 18.Qc3 f6 19.Ne4 Nxe4 20.Bxe4 Be5 21.Qa3 Qd6 22.Rbd1 Qxa3
23.Bxa3 Rfd8 24.Bc2 c3 25.Rxd8+ Rxd8 26.Rd1 Rxd1+ 27.Bxd1 Bc4 28.e3 Bxa2
29.f4 Bc7 30.Bb4 e5 31.Bxc3 Kf7 32.h4 Ke6 33.h5 gxh5 34.Bxh5 Bb3 35.Kf2 a5
36.g4 a4 37.Kf3 a3 38.g5 fxg5 39.Bg4+ Kd5 40.fxg5 e4+ 41.Ke2 Be5 42.Bh5 Bc4+
43.Kd2 a2  1-0

[Event "IV Open"]
[Site "Malaga ESP"]
[Date "2001.02.28"]
[Round "6"]
[White "Franco Ocampos,Z"]
[Black "Baron Rodriguez,Je"]
[Result "1-0"]
[WhiteElo "2482"]
[BlackElo "2393"]

1.c4 e6 2.Nf3 d5 3.b3 Nf6 4.e3 b6 5.Bb2 Bb7 6.Nc3 Nbd7 7.d4 a6 8.Bd3 Bd6
9.O-O Ne4 10.Ne2 f5 11.Rc1 Qf6 12.Qc2 Qh6 13.Ne5 O-O 14.Nf4 g5 15.Nh3 Nxe5
16.dxe5 Bc5 17.cxd5 exd5 18.b4 Bxb4 19.Qxc7 Rf7 20.Qc2 Bc5 21.Bxe4 fxe4 22.e6 Re7
23.Qc3 Rxe6 24.Nxg5 Qxg5 25.Qh8+ Kf7 26.Qxh7+ Ke8 27.Qxb7 Rd8 28.Bd4 Bxd4
29.exd4 Rd7 30.Qc8+ Ke7 31.Qxa6 Qg7 32.Qa3+ Kf7 33.Qe3 Rf6 34.f3  1-0

[Event "IV Open"]
[Site "Malaga ESP"]
[Date "2001.03.02"]
[Round "8"]
[White "Suba,M"]
[Black "Korneev,O"]
[Result "1/2-1/2"]
[WhiteElo "2532"]
[BlackElo "2600"]

1.c4 e6 2.Nf3 d5 3.d4 Nf6 4.Bg5 dxc4 5.Qa4+ Nbd7 6.Bxf6 Qxf6 7.Nc3 Be7 8.e4 O-O
9.Qxc4 c5 10.e5 Qg6 11.dxc5 Nxc5 12.Be2 Qxg2 13.Rg1 Qh3 14.Rg3 Qh6 15.Kf1 b6
16.b4 Ba6 17.Qg4 f5 18.exf6 Qxf6 19.bxc5 Bxe2+ 20.Kxe2 Qxc3 21.Rag1 Bf6 22.cxb6 axb6
23.Qxe6+ Kh8 24.Kf1 b5 25.Kg2 Qc4 26.Qxc4 bxc4 27.Rg4 c3 28.a4 c2 29.Rc1 Rac8
30.Ne1 Bc3 31.Re4 Bxe1 32.Rexe1 Rc4 33.Re2 Rfc8 34.a5 h6 35.a6 Rg4+ 36.Kf1 Ra8
37.Rexc2 Rxa6 38.Rc4 Rgg6 39.R4c3 Rgf6 40.R1c2 Kh7 41.Kg2 Ra5 42.Rf3 Rg5+
43.Rg3 Rgf5 44.h3 g5  1/2-1/2

[Event "Millennium II Open"]
[Site "Virginia Beach USA"]
[Date "2001.03.03"]
[Round "2"]
[White "Greanias,S"]
[Black "Perelshteyn,E"]
[Result "0-1"]
[WhiteElo "2252"]
[BlackElo "2436"]

1.c4 e6 2.Nf3 d5 3.g3 Nf6 4.Bg2 Be7 5.O-O O-O 6.d4 b6 7.Bg5 Bb7 8.cxd5 Nxd5
9.Bxe7 Qxe7 10.e4 Nf6 11.e5 Nd5 12.Nbd2 Rd8 13.a3 h6 14.Qc2 Qd7 15.Rfc1 a5
16.Nc4 Nc6 17.Ne3 Nce7 18.Nxd5 Nxd5 19.Nd2 Rac8 20.Ne4 Ba8 21.Nd2 a4 22.Nc4 Ne7
23.Bxa8 Rxa8 24.Ne3 Ra7 25.Rd1 Qc6 26.Qe2 Qe4 27.f3 Qb7 28.Rac1 Ra5 29.Rc4 Rd7
30.Kf2 Ra8 31.Qc2 Qa7 32.Rc1 c6 33.Rd1 b5 34.Rb4 Rad8 35.Qc3 c5 36.dxc5 Rxd1
37.Nxd1 Rxd1 38.Rxb5 Nc6 39.Rb6 Qd7 40.g4 g5 41.Ra6 Qd5  0-1

[Event "Tch-AUT 2000-01"]
[Site "Fuerstenfeld AUT"]
[Date "2001.03.16"]
[Round "9"]
[White "Wiedner,R"]
[Black "Thoma,R"]
[Result "0-1"]
[WhiteElo "2235"]
[BlackElo "2316"]

1.c4 e6 2.Nf3 d5 3.e3 Nf6 4.Be2 Be7 5.O-O Nbd7 6.d4 O-O 7.Nc3 b6 8.cxd5 exd5
9.Ne5 Bb7 10.Bf3 Bd6 11.Nxd7 Qxd7 12.Qd3 a6 13.Rd1 Rae8 14.Bd2 Ne4 15.Be1 f5
16.g3 Re6 17.Bg2 Qe8 18.Rac1 Rh6 19.Qe2 g5 20.Rc2 Qf7 21.f4 gxf4 22.exf4 Re8
23.Qf1 Rf6 24.Bf3 h5 25.Ne2 Rfe6 26.Nc1 a5 27.Qh3 Nf6 28.Nd3 Re3 29.Kf2 Ng4+
30.Bxg4 fxg4 31.Qg2 Rf3+ 32.Kg1 Rxd3 33.Rxd3 Rxe1+ 34.Kf2 Re4 35.h3 Ba6 36.Re3 Qe6
37.Rxe4 dxe4 38.Ke3 Bd3 39.Rc1 gxh3 40.Qf2 c5  0-1

[Event "Tch-AUT 2000-01"]
[Site "Fuerstenfeld AUT"]
[Date "2001.03.17"]
[Round "10"]
[White "Stohl,I"]
[Black "Pinter,J"]
[Result "1/2-1/2"]
[WhiteElo "2554"]
[BlackElo "2569"]

1.c4 e6 2.Nf3 d5 3.d4 Nf6 4.g3 Bb4+ 5.Bd2 Be7 6.Bg2 O-O 7.O-O c6 8.Qc2 b6
9.b3 Nbd7 10.Bc3 Bb7 11.Nbd2 Rc8 12.e4 c5 13.exd5 exd5 14.dxc5 Bxc5 15.Qb2  1/2-1/2

[Event "Open"]
[Site "Bad Woerishofen GER"]
[Date "2001.03.22"]
[Round "8"]
[White "Nenashev,A"]
[Black "Sprenger,J"]
[Result "1/2-1/2"]
[WhiteElo "2649"]
[BlackElo "2326"]

1.c4 e6 2.Nf3 d5 3.b3 Nf6 4.Bb2 c5 5.e3 Nc6 6.cxd5 exd5 7.Bb5 Bd7 8.O-O Bd6
9.Bxf6 Qxf6 10.Nc3 Qe6 11.Rc1 a6 12.Be2 Ne7 13.d4 cxd4 14.Nxd4 Qe5 15.Nf3 Qh5
16.Na4 O-O 17.Nc5 Bg4 18.h3 Bxh3 19.gxh3 Qxh3 20.Nxb7 Qg4+ 21.Kh1 Qh3+ 22.Kg1 Qg4+
23.Kh1 Qh3+  1/2-1/2

[Event "Asian Candidates"]
[Site "Tehran IRI"]
[Date "2001.03.25"]
[Round "2"]
[White "Moradiabadi,E"]
[Black "Mallahi,A"]
[Result "1-0"]
[WhiteElo "2303"]
[BlackElo "2382"]

1.c4 e6 2.Nf3 d5 3.g3 c5 4.Bg2 Nf6 5.O-O Be7 6.b3 O-O 7.Bb2 Nc6 8.d3 b6 9.Nbd2 Bb7
10.a3 Qc7 11.cxd5 exd5 12.Rc1 Rad8 13.Qc2 Rfe8 14.Rfe1 Qb8 15.e4 dxe4 16.dxe4 Nd4
17.Nxd4 cxd4 18.Nc4 d3 19.Qd2 Ng4 20.h3 Nxf2 21.Kxf2 Bc5+ 22.Ne3 Bxe4 23.Bxe4 Rxe4
24.b4 Bd6 25.Nf1 f5 26.Qg5 Rd7 27.Rxe4 fxe4 28.Qd5+ Kh8 29.Qxe4 d2 30.Rd1 Qf8+
31.Kg1 Rf7 32.Qe2 a5 33.Rxd2 axb4 34.axb4 Bxb4 35.Rd1 h6 36.Bd4 Bc5 37.Qe3 Kh7
38.Bxc5 bxc5 39.Nd2 Qc8 40.Qe4+ g6 41.h4 Qh3 42.Nf1 h5 43.Qd5 Kg7 44.Qe5+ Kh7
45.Nh2 c4 46.Rd8  1-0

[Event "56th ch-YUG"]
[Site "Herceg Novi YUG"]
[Date "2001.03.29"]
[Round "6"]
[White "Damljanovic,B"]
[Black "Tadic,B"]
[Result "1-0"]
[WhiteElo "2561"]
[BlackElo "2407"]

1.c4 e6 2.Nf3 d5 3.d4 c6 4.Nbd2 Nf6 5.g3 Nbd7 6.Bg2 Bd6 7.O-O O-O 8.Qc2 e5
9.cxd5 cxd5 10.dxe5 Nxe5 11.Nxe5 Bxe5 12.Nf3 Bd6 13.Rd1 Be6 14.Qb3 Qb6 15.Qxb6 axb6
16.Nd4 Bc5 17.Bg5 Ra4 18.Bxf6 gxf6 19.Nc2 Bf5 20.b3 Bxc2 21.bxa4 Bxd1 22.Rxd1 Ra8
23.Rxd5 Rxa4 24.Rd8+ Kg7 25.Bd5 Rd4 26.Rd7 Be7 27.e4 Kf8 28.g4 b5 29.Rxb7 b4
30.h4 h6 31.Kg2 Rd3 32.Rb8+ Kg7 33.Re8 Bc5 34.Rc8 Bd6 35.Rd8 Be7 36.Rd7 Kf8
37.Rb7 Rc3 38.Bb3 Rd3 39.Rb5 Rd7 40.Rf5 Bd8 41.Kf1 Kg7 42.Ke2 Re7 43.Bd5 Bb6
44.Kd3 Rc7 45.f4 Bf2 46.h5 Bh4 47.Bc4 Be1 48.Rb5 Re7 49.Rc5 Bh4 50.Rc6 Bg3
51.Ke3 Rd7 52.Bd5 Be1 53.Ke2 Bg3 54.Kf3 Be1 55.Rc1 Bd2 56.Rc2 Be1 57.Ke2 Bg3
58.Ke3 Ra7 59.Rc1 Ra3+ 60.Bb3 Ra7  1-0

[Event "Dos Hermanas Internet KO"]
[Site "ICC INT"]
[Date "2001.04.06"]
[Round "1.3"]
[White "Adla,D"]
[Black "Stripunsky,A"]
[Result "1/2-1/2"]
[WhiteElo "2499"]
[BlackElo "2495"]

1.c4 e6 2.Nf3 d5 3.d4 c5 4.cxd5 exd5 5.g3 Nc6 6.Bg2 Nf6 7.O-O Be7 8.Nc3 O-O
9.Bg5 Be6 10.dxc5 Bxc5 11.Rc1 Bb6 12.b3 Nb4 13.a3 Nc6 14.b4 a6 15.e3 d4 16.Ne4 dxe3
17.Nxf6+ gxf6 18.Bxe3 Qxd1 19.Rfxd1 Bxe3 20.fxe3 Rfd8 21.Nd4 Nxd4 22.Rxd4 Rxd4
23.exd4 Rc8 24.Rc5 b6 25.Rxc8+ Bxc8 26.Kf2 Kf8 27.Ke3 Ke7 28.Kf4 a5 29.h4 axb4
30.axb4 h6 31.Be4 Kd6 32.Bf5 Ba6 33.Be4 Bc8 34.Bg2 Bd7 35.Bf3 Bc8 36.g4 Bd7
37.Be4 Bc8 38.Bf3 Bd7 39.Bg2 Bc8 40.Bh1 Bd7 41.Bb7 Be6 42.Ba8 Bd7 43.Bg2 Bc8
44.Bf3 Bd7 45.Ke3 Bc8 46.Kd3 Ba6+ 47.Ke3 Bc8 48.Kd2 Ba6 49.Kc3 Bb5 50.Kd2 Ba6
51.Ke3 Bc8 52.Kf4 Bd7 53.Be4 Bc8 54.Bf5 Bb7 55.Be4 Bc8 56.Bf5 Bb7 57.h5 Ba6
58.Bc2 Bc8 59.Bb3 Ke7 60.d5 Kd6 61.Bc2 Bd7 62.Be4 Bc8 63.Bf3 Bd7 64.Ke3 Ke5
65.Kf2 Bb5 66.Kg3 Bc4 67.d6 Kxd6 68.Kf4 Be6 69.Be4 Bd7 70.Bf5 Bc6 71.Bd3 Bd7
72.Bc4 Be6 73.Be2 Kd5 74.Bd1 Kd4 75.Bf3 Kc3 76.b5 Kc4 77.Bc6 Kd4 78.Be8 Kc5
79.Bc6 Kd4 80.Be8 Kc5 81.g5 fxg5+ 82.Ke5 g4 83.Kf4 f6 84.Bc6 Kd6 85.Bg2 Kc7
86.Bf1 Kb8 87.Be2 Kc7 88.Bxg4 Bxg4 89.Kxg4 Kd6 90.Kf5 Ke7 91.Kg6 Ke6 92.Kxh6 Kf7
93.Kh7 f5 94.Kh6 Kf6 95.Kh7 f4 96.h6 Kf7 97.Kh8 f3 98.h7 f2  1/2-1/2

[Event "ch-PHI"]
[Site "Quezon City PHI"]
[Date "2001.04.08"]
[Round "7"]
[White "Bitoon,R"]
[Black "Torre,E"]
[Result "1/2-1/2"]
[WhiteElo "2432"]
[BlackElo "2546"]

1.c4 e6 2.Nf3 d5 3.e3 Nf6 4.b3 c5 5.Bb2 Nc6 6.d3 d4 7.exd4 cxd4 8.a3 a5 9.g3 Bc5
10.Bg2 O-O 11.O-O e5 12.Re1 Re8 13.Nbd2 Bf5 14.Qb1 h6 15.Bc1 Bh7 16.Ne4 Bxe4
17.dxe4 Qb6 18.Qd3 Bf8 19.Bh3 Nb8 20.Nh4 Na6 21.Qf3 Rad8 22.Rb1 d3 23.Rd1 d2
24.Bxd2 Bxa3 25.Nf5 Bb4 26.Be3 Bc5 27.Bf1 Rxd1 28.Rxd1 Bxe3 29.Rd6 Qc7 30.fxe3 Re6
31.Nxh6+ Kh7 32.Rxe6 fxe6 33.Ng4 Ng8 34.c5 Nxc5 35.Bc4 Nh6 36.Nxh6 gxh6 37.Bxe6 Nxe6
38.Qf5+ Kg7 39.Qxe6 Qc1+ 40.Kf2 Qd2+  1/2-1/2